00867cam a2200205 a 4500001000800000005001700008008004100025020001500066050002300081245006600104260003700170300002700207440003100234500018500265650003000450700002200480942001500502999001500517952012900532209087920250206211240.0950227s1995 mau b 000 0 eng d a031608129900aKF801.A7bP42 199500aPerspectives on contract law /c[edited by] Randy E. Barnett. aBoston :bLittle, Brown,cc1995. axxii, 381 p. ;c23 cm. 0aPerspectives on law series aAccompanied by Teacher's manual (c1995), which also covers Contracts : cases and doctrine; and Teacher's manual (c1999), which also covers Contracts : cases and doctrine (2nd ed.). 0aContractszUnited States.1 aBarnett, Randy E. 2lcccBKn0 c3534d3534 00102lcc40708NFICaCTLLbCTLLcGENd2025-02-06l0oKF801.A7P42 BARpLLCT00000409r2025-02-06 21:16:03t1w2025-02-06yBK